000
00308nam a22001337a 4500
008
180201b xxu||||| |||| 00| 0 eng d
020
_a
0155043102
041
_a
eng
080
_a
78
100
_a
45
101
_a
muz
245
_a
fundamentalsof music theory a program
_c
berrtrand.h
942
_2
udc
_c
BK
999
_c
41541
_d
41541